000 00480ngm a2200181 i 4500
001 C2-0330348
003 PPAK
005 20180727222248.0
008 150415s xx |||| ||||| | vlmay d
040 _aPPAK
_beng
_cPPAK
_erda
245 1 0 _aIbadah emas bahagian 1
264 1 _bVIC Multimedia ,
_c[date of publication not identified]
336 _2rdacontent
_atext
337 _2rdamedia
_aunmediated
338 _2rdacarrier
_avolume
700 _eauthor
942 _2ddc
_cDVD
999 _c167677
_d167677